000 00303nam a22001337a 4500
008 171019b xxu||||| |||| 00| 0 eng d
020 _a0060117699
041 _aeng
080 _a338
100 _a53
101 _aMEN
245 _aHARVARD BUSINESS REVIEW ON MANAGEMENT
_cWRAPP,H.E
942 _2udc
_cBK
999 _c34933
_d34933